000 00522nam a2200205Ia 4500
005 20240823060758.0
008 240823s9999||||xx |||||||||||||| ||und||
020 _a81-8147-205-5
041 _aENGLISH
082 _A004.22 P4
100 _a"Hennessy, John L"
245 0 _aComputer Architecture
250 _a3rd
260 _c2004
_bMorgan Kaufmann Publis
500 _aTRANSFERED
650 _aComputer Architecture
_bInformation Technology
700 _a"Patterson,David A"
942 _cBK
999 _c231944
_d231944